Thèmes délirants et croyances culturelles (notice n° 1888327)

détails MARC
000 -LEADER
fixed length control field 01969cam a2200169 4500500
005 - DATE AND TIME OF LATEST TRANSACTION
control field 20260329014337.0
041 ## - LANGUAGE CODE
Language code of text/sound track or separate title fre
042 ## - AUTHENTICATION CODE
Authentication code dc
100 10 - MAIN ENTRY--PERSONAL NAME
Personal name Ellouze, Faten
Relator term author
245 00 - TITLE STATEMENT
Title Thèmes délirants et croyances culturelles
260 ## - PUBLICATION, DISTRIBUTION, ETC.
Date of publication, distribution, etc. 2009.<br/>
500 ## - GENERAL NOTE
General note 9
520 ## - SUMMARY, ETC.
Summary, etc. Nous nous sommes proposés dans ce travail de relever la prévalence des troubles sexuels chez les patients schizophrènes, de préciser leurs caractéristiques et leurs répercussions sur le vécu du patient, sa compliance thérapeutique et sa vie de couple. Nous avons mené une étude transversale auprès de 37 Consultants hommes au service de psychiatrie E, de l’hôpital Razi de Tunis, atteints de schizophrénie selon le DSM IV et en phase de stabilisation. Il est ressorti de notre travail que 48,2% des patients présentaient un dysfonctionnement sexuel. Il s’agissait d’un dysfonctionnement érectile dans 55,5% des cas, d’une diminution de la libido dans 33,3% des cas et d’un trouble de l’éjaculation dans 11,2% des cas. Ces troubles n’étaient rapportés spontanément que par 17 % des patients. Tous les patients étaient sous traitement antipsychotique au moment de l’étude. La présence d’un dysfonctionnement sexuel était perçue comme une gêne moyenne à importante dans la grande majorité des cas et source d’agressivité intraconjugale. Ce trouble était la cause d’un arrêt temporaire de traitement pour 19% des patients. Ainsi, les dysfonctions sexuelles chez le patient schizophrène sont fréquentes, probablement sous-évaluées, et leurs répercussions sont non négligeables non seulement sur l’observance thérapeutique, mais également en terme de qualité de vie des patients et de relation de couple.
700 10 - ADDED ENTRY--PERSONAL NAME
Personal name Cheour, Mejda
Relator term author
786 0# - DATA SOURCE ENTRY
Note Psy Cause | 56 | 4 | 2009-01-08 | p. 39-42 | 1245-2394
856 41 - ELECTRONIC LOCATION AND ACCESS
Uniform Resource Identifier <a href="https://shs.cairn.info/revue-psy-cause-2009-4-page-39?lang=fr&redirect-ssocas=7080">https://shs.cairn.info/revue-psy-cause-2009-4-page-39?lang=fr&redirect-ssocas=7080</a>

Pas d'exemplaire disponible.

PLUDOC

PLUDOC est la plateforme unique et centralisée de gestion des bibliothèques physiques et numériques de Guinée administré par le CEDUST. Elle est la plus grande base de données de ressources documentaires pour les Étudiants, Enseignants chercheurs et Chercheurs de Guinée.

Adresse

627 919 101/664 919 101

25 boulevard du commerce
Kaloum, Conakry, Guinée

Réseaux sociaux

Powered by Netsen Group @ 2025